Normal view
MARC view
Entry Personal Name
001 - CONTROL NUMBER
- control field: 76689
003 - CONTROL NUMBER IDENTIFIER
- control field: dpl
005 - DATE AND TIME OF LATEST TRANSACTION
- control field: 20250116154652.0
008 - FIXED-LENGTH DATA ELEMENTS
- fixed length control field: 250116|| aca||aabn | a|a d
040 ## - CATALOGING SOURCE
- Original cataloging agency: dpl
- Transcribing agency: dpl
100 ## - HEADING--PERSONAL NAME
- Personal name: M. Basavapunnaiah
670 ## - SOURCE DATA FOUND
- Source citation: Work cat.: (dpl)208561: M. Basavapunnaiah, Tummultuous three decades;, 2016
